Prescribing the course of action (Record no. 79452)

MARC details
000 -LEADER
fixed length control field 01000cab a22002175a 4500
001 - CONTROL NUMBER
control field L141311
008 - FIXED-LENGTH DATA ELEMENTS--GENERAL INFORMATION
fixed length control field 071115e20071110xxk f 000 0 eng d
035 ## - SYSTEM CONTROL NUMBER
System control number (Sirsi) u141311
041 0# - LANGUAGE CODE
Language code of text/sound track or separate title eng
100 1# - MAIN ENTRY--PERSONAL NAME
Personal name Webber, Richard
245 00 - TITLE STATEMENT
Title Prescribing the course of action
260 ## - PUBLICATION, DISTRIBUTION, ETC.
Date of publication, distribution, etc. 2007
490 ## - SERIES STATEMENT
Series statement Estates Gazette
Volume/sequential designation (0745) 10 November 2007, 157(1)
520 ## - SUMMARY, ETC.
Summary, etc. Considers obligations to attempt actions expressed within sale agreements. Examines how hard a party may be expected to carry out acts which are against its commercial interest. There is no clear test for using best, reasonable or all reasonable endeavours. Provides a general guide for this based on case law in two recent, prominent rulings.
590 ## - LOCAL NOTE (RLIN)
Local note KA
650 24 - SUBJECT ADDED ENTRY--TOPICAL TERM
Topical term or geographic name entry element YEWBELLE LTD V LONDON GREEN DEVELOPMENTS LTD AND ANOTHER
650 24 - SUBJECT ADDED ENTRY--TOPICAL TERM
Topical term or geographic name entry element RHODIA INTERNATIONAL HOLDINGS LTD AND ANOTHER V HUNTSMAN INTERNATIONAL LLC
651 #4 - SUBJECT ADDED ENTRY--GEOGRAPHIC NAME
Geographic name United Kingdom
Chronological subdivision
690 ## - LOCAL SUBJECT ADDED ENTRY--TOPICAL TERM (OCLC, RLIN)
Topical term or geographic name as entry element PROPERTY-PROPERTY ACQUISITION AND DISPOSAL
942 ## - ADDED ENTRY ELEMENTS (KOHA)
Suppress in OPAC 0
Holdings
Withdrawn status Lost status Source of classification or shelving scheme Damaged status Not for loan Home library Current library Shelving location Date acquired Total Checkouts Full call number Barcode Date last seen Copy number Price effective from Koha item type
    Dewey Decimal Classification     London London Journal article 15/11/2007   L141311 141311-1001 06/08/2019 1 06/08/2019 Journal article